000 00208nam a22000977a 4500
999 _c15950
_d15950
003 OSt
008 191024b ||||| |||| 00| 0 eng d
100 _aSukumaran.
_94316
245 _aOru mudi kayiru
942 _cBK